000 00544nam a22001817a 4500
003 CEME
005 20210628203435.0
008 210121b xxu||||| |||| 00| 0 eng d
020 _a0-618-12810-7
040 _cceme
082 _a641.5 MCC
100 _aMccullough, Fran, Samuelsson, Marcus
_965478
245 _aThe best american recipes 2001-2002
260 _aNEW YORK
_bHOUGHTON MIFFLIN
_c2001
300 _aXII,347 P
650 _aAMERICAN RECIPES 2001-2002.SOUPS.SALADS.BREAKFAST AND BRUNCH.DESSERTS.DRINKS
_965479
942 _cBK
_2ddc
999 _c573670
_d573670